Cities in North America-Sudden Death - Statistics

General Stats
  • This quiz has been taken 46 times
  • The average score is 9 of 10
Answers on the Grid
Answers color-coded by a green-red scale on the quiz's grid according to % correct below.
Bogotá
Nassau
Ottawa
Santiago
Rio De Janeiro
Mexico City
Valletta
Belgrade
Houston
Tokyo
Anchorage
Copenhagen
Wellington
Charlotte
Managua
San José
Lisbon
Yaoundé
Merida
Monterrey
Hong Kong
 
Answer Stats
Answer % Correct
Ottawa
97%
Houston
95%
Mexico City
92%
San José
92%
Charlotte
89%
Monterrey
89%
Anchorage
86%
Nassau
81%
Managua
76%
Merida
59%
No matching quizzes found
Score Distribution
Percent of People with Each Score
Percentile by Number Answered
Your Score History
You have not taken this quiz